000 01118nam a2200301 i 4500
003 EG-GICUC
005 20260121101657.0
008 260107s1949 us ||||fr|||| 000 0 fre d
040 _aEG-GiCUC
_bfre
_cEG-GiCUC
_dEG-GiCUC
_eRda
041 0 _afre
082 0 4 _221
_a338.9
_bAS
092 0 4 _221
099 _aLaw1 13 338.9 AS 1949
110 _kOrganisation Des Nations Unies
245 1 0 _aAssistance Technique En Vue Du :
_bDEVELOPPEMENT ECONOMIQUE \
_cPar Organisation Des Nations Unies.
264 1 _aSuccess :
_bOrganisation Des Nations Unies,
_c1949.
300 _a377 pages ;
_c 24 cm.
336 _2rda contenu
_a texte
337 _2rda medias
_aOrdinateur
338 _2 transporteur rda
_a Ressource en ligne
500 _aPlan D'un Programme Pour L'extension De La Collaboration Par L'entremise De L'organisation Des Nations Unies Et Des Institutions Spécialisées
546 _aTexte en français
650 1 4 _aFinances publiques et législation fiscale
_2qrmak
651 1 _2qrmak
856 4 0 _uhttps://fll.law.cu.edu.eg/fulltext/bks/B13-07423.pdf
905 _a77
942 _2ddc
_cBK
_e21
_n0
999 _c55127
_d55127